000 00456nam a2200181Ia 4500
001 20763
005 20260306172829.0
008 260306t2009||||xx |||||||||||||| ||spa||
041 _aESP
082 _a343.8
_bA64 2009
100 _aApaza Meza, Mario
_eAUT
245 0 _aImpuesto a la renta 2008-2009:
_bcasuĂ­stica tributario - contable FIIFs/PCGE
260 _c2009
300 _a
_c
650 _aGEN
654 _aCDE
942 _cLIB
_dJUS
_fJUS
_2ddc
_n
999 _c20763
_d20763